Volleyballweltmeister Herren - Statistiken

Allgemein
  • Dieses Quiz wurde 420 mal gespielt
  • Das Durchschnittsergebnis liegt bei 13 aus 19
Antwortstatistiken
Jahr Weltmeister % Korrekt
2002 Brasilien
89%
2006 Brasilien
89%
2010 Brasilien
89%
1986 Vereinigte Staaten
89%
1990 Italien
80%
1994 Italien
80%
1998 Italien
80%
1974 Polen
73%
2014 Polen
73%
2018 Polen
73%
1949 Sowjetunion
62%
1952 Sowjetunion
62%
1960 Sowjetunion
62%
1962 Sowjetunion
62%
1978 Sowjetunion
62%
1982 Sowjetunion
62%
1970 DDR
31%
1956 Tschechoslowakei
31%
1966 Tschechoslowakei
31%
Keine übereinstimmenden Quizze gefunden
Verteilung der Resultate
Anzahl Personen mit jedem Resultat
Perzentil nach korrekt beantworteten Fragen
Ihre Resultats-Entwicklung
Sie haben dieses Quiz noch nicht gespielt